000
00326nam a2200145Ia 4500
003
OSt
008
191201s2012 xx 000 0 und d
082
_a
621.815
_b
GIM
100
_a
GILL,P.S.
245
0
_a
Machine Drawing
260
_a
New Delhi
_b
S.K .Kataria
_c
2012
300
_a
709
650
_a
B.Tech(ME)
942
_2
ddc
_c
BK
999
_c
6410
_d
6410